<?xml version="1.0" encoding="UTF-8"?>
<collection xmlns="http://www.loc.gov/MARC21/slim">
 <record>
  <leader>01519nam a2200229Ia 4500</leader>
  <controlfield tag="001">TDMU_19247</controlfield>
  <controlfield tag="008">210410s9999    xx            000 0 und d</controlfield>
  <datafield tag="082" ind1=" " ind2=" ">
   <subfield code="a">398.208999</subfield>
  </datafield>
  <datafield tag="090" ind1=" " ind2=" ">
   <subfield code="b">CH104</subfield>
  </datafield>
  <datafield tag="100" ind1=" " ind2=" ">
   <subfield code="a">Chamaliaq, Riya Tiẻnq</subfield>
  </datafield>
  <datafield tag="245" ind1=" " ind2="0">
   <subfield code="a">Cơi masrĩh và mỏq vila</subfield>
  </datafield>
  <datafield tag="245" ind1=" " ind2="0">
   <subfield code="b">Akhàt jucar raglai</subfield>
  </datafield>
  <datafield tag="245" ind1=" " ind2="0">
   <subfield code="c">Chamaliaq Riya Tiẻnq, Trần Kiêm Hoàng</subfield>
  </datafield>
  <datafield tag="260" ind1=" " ind2=" ">
   <subfield code="a">H.</subfield>
  </datafield>
  <datafield tag="260" ind1=" " ind2=" ">
   <subfield code="b">Khoa học xã hội</subfield>
  </datafield>
  <datafield tag="260" ind1=" " ind2=" ">
   <subfield code="c">2010</subfield>
  </datafield>
  <datafield tag="300" ind1=" " ind2=" ">
   <subfield code="a">291 tr.</subfield>
  </datafield>
  <datafield tag="520" ind1=" " ind2=" ">
   <subfield code="a">Là câu chuyện sử thi nhưng kể bằng lời hát. Gồm 11 khúc hát về việc: Truyền thuyết Cơi masrĩh mỏq vila; Cơi Hara - Mỏq Lawùq - con cháu trần gian mới; tội lỗi loài người trần thế; Cơi masrĩh mỏq vila tạo dựng con người mới trần thế; khuyên bày, dạy bảo phép lý, lễ tục, sự việc kiêng cữ cho người Raglai; dạy làm việc cưới, việc tang; dạy ứng xử với con người; ăn ở với cha mẹ, tổ tiên; vui chơi....</subfield>
  </datafield>
  <datafield tag="650" ind1=" " ind2=" ">
   <subfield code="a">Văn học dân gian</subfield>
   <subfield code="x">Sử thi - Hát kể</subfield>
   <subfield code="x">Dân tộc Raglai</subfield>
   <subfield code="z">Việt Nam; Sử thi - Hát kể</subfield>
   <subfield code="x">Dân tộc Raglai</subfield>
   <subfield code="z">Việt Nam; Dân tộc Raglai</subfield>
   <subfield code="x">Văn học</subfield>
   <subfield code="x">Sử thi - Hát kể</subfield>
  </datafield>
  <datafield tag="700" ind1=" " ind2=" ">
   <subfield code="a">Trần, Kiêm Hoàng</subfield>
  </datafield>
  <datafield tag="856" ind1=" " ind2=" ">
   <subfield code="u">http://lrc.tdmu.edu.vn/opac/search/detail.asp?aID=2&amp;ID=19247</subfield>
  </datafield>
  <datafield tag="980" ind1=" " ind2=" ">
   <subfield code="a">Trung tâm Học liệu Trường Đại học Thủ Dầu Một</subfield>
  </datafield>
 </record>
</collection>
